Statistics for Lana Del Rey - Tulsa Jesus Freak Lyrics

Click here to take the quiz!

General Stats

  • This quiz has been taken 33 times
  • The average score is 358 of 398

Answer Stats

Answer% Correct
a
100%
again
100%
back
100%
be
100%
can
100%
Can
100%
Find
100%
hand
100%
I
100%
in
100%
In
100%
Jesus
100%
Keep
100%
me
100%
my
100%
stay
100%
The
100%
the
100%
to
100%
way
100%
you
100%
You
100%
Arkansas
96%
bed
96%
bottle
96%
close
96%
for
96%
forever
96%
(Forever
96%
forever)
96%
go
96%
like
96%
Like
96%
man
96%
real
96%
should
96%
that
96%
We
96%
when
96%
White
96%
white
96%
your
96%
And
91%
and
91%
candle
91%
come
91%
darling
91%
don't
91%
Don't
91%
down
91%
hot
91%
know
91%
little
91%
of
91%
piece
91%
baby
87%
baby?
87%
ever
87%
floor
87%
Gin
87%
heaven
87%
love
87%
second
87%
Sing
87%
wind
87%
afraid
83%
Bible
83%
but
83%
'Cause
83%
chose
83%
get
83%
Just
83%
laugh
83%
make
83%
more
83%
No
83%
On
83%
our
83%
place
83%
smile?
83%
was
83%
with
83%
are
78%
at
78%
dance
78%
had
78%
hymn
78%
nothing
78%
now
78%
ordinary
78%
ranch
78%
super
78%
they
78%
all
74%
amen
74%
away
74%
body
74%
end
74%
kids
74%
nerves
74%
only
74%
rest
74%
stores
74%
their
74%
We'll
74%
We're
74%
what
74%
while
74%
closed
70%
Could
70%
never
70%
reminding
70%
slow
70%
this
70%
up
70%
blowing
65%
flat
65%
God
65%
hoodies
65%
hurry
65%
If
65%
knew
65%
learn
65%
pray
65%
Trade
65%
you'll
65%
I'm
61%
knows
61%
wind's
61%
sayin'?
52%
here
43%
living
35%
together)
26%
(Together
26%

Score Distribution

Percentile by Number Answered

Percent of People with Each Score

Your Score History

You have not taken this quiz